000 00265nam a2200097Ia 4500
001 966687
005 20250826220310.0
008 250824s9999 xx 000 0 und d
245 0 _aYAKIN TARİHİMİZİMİN SIR PERDESİ
_cYAVUZ BAHADIROĞLU
260 _bPANAMA YAYINLARI
999 _c966687
_d966687